| 000 | 00342nam a22001217a 4500 | ||
|---|---|---|---|
| 008 | 190313b xxu||||| |||| 00| 0 eng d | ||
| 041 | _aeng | ||
| 080 | _a043.3 | ||
| 100 | _a0 | ||
| 101 | _aSHKI-BA | ||
| 245 |
_aKrahasimi i teknologjive të ruajtjes se informacioneve online si Onedrive, Google Drive dhe Dropbox _cBushi,B |
||
| 942 |
_2udc _cBK |
||
| 999 |
_c54743 _d54743 |
||